| 000 | 00359nam a22001217a 4500 | ||
|---|---|---|---|
| 008 | 230605b xxu||||| |||| 00| 0 eng d | ||
| 020 | _a9749164946 | ||
| 082 |
_a337.1 _bAPEC |
||
| 245 |
_aAsia- Pacific Economic Cooperation Thailand 2003 _cMinistry Of Foreign Affairs, |
||
| 260 |
_aAsia _bMinistry Of Foreign Affairs, _c2003 |
||
| 300 | _a102 p | ||
| 942 |
_2ddc _cBK |
||
| 999 |
_c410 _d410 |
||